书目信息 |
| 题名: |
生物农药及其应用
|
|
| 作者: | 吴文君 , 高希武 主编 | |
| 分册: | ||
| 出版信息: | 北京 化学工业出版社“三农”读物出版中心 2004 |
|
| 页数: | 317页 | |
| 开本: | 21cm | |
| 丛书名: | ||
| 单 册: | ||
| 中图分类: | S482.3 | |
| 科图分类: | ||
| 主题词: | 微生物农药--wei sheng wu nong yao , 微生物农药--wei sheng wu nong yao--基本知识 | |
| 电子资源: | ||
| ISBN: | 7-5025-5804-7 | |
| 000 | 01103nam0 2200277 45 | |
| 001 | 012005000794 | |
| 005 | 20061116103523.85 | |
| 010 | @a7-5025-5804-7@dCNY29.00 | |
| 100 | @a20050426d2004 em y0chiy0121 ea | |
| 101 | 0 | @achi |
| 102 | @aCN@b110000 | |
| 105 | @ay a 000yy | |
| 200 | 1 | @a生物农药及其应用@Asheng wu nong yao ji qi ying yong@d= Biopesticide and its usage@f吴文君,高希武主编@zeng |
| 210 | @a北京@c化学工业出版社“三农”读物出版中心@d2004 | |
| 215 | @a317页@d21cm | |
| 320 | @a有书目 (第317页) | |
| 330 | @a本书以生物农药的基本概念及基本特点为基础, 系统地介绍了植物源、微生物源天然产物农药, 活体微生物农药, 昆虫信息素、天敌昆虫以及抗病虫与耐除草剂的转基因作物的特点及重要品种等内容。 | |
| 333 | @a阅读对象: 从事生物农药的研究与开发及生产与推广应用的单位和个人等 | |
| 510 | 1 | @aBiopesticide and its usage@zeng |
| 606 | 0 | @a微生物农药@Awei sheng wu nong yao |
| 606 | 0 | @a微生物农药@Awei sheng wu nong yao@x基本知识 |
| 690 | @aS482.3@v4 | |
| 701 | 0 | @a吴文君@Awu wen jun@4主编 |
| 701 | 0 | @a高希武@Agao xi wu@4主编 |
| 801 | 0 | @aCN@c20061116 |
| 905 | @apdsgxy@dS482.3@eW880 | |
| 生物农药及其应用= Biopesticide and its usage/吴文君,高希武主编.-北京:化学工业出版社“三农”读物出版中心,2004 |
| 317页;21cm |
| 使用对象:阅读对象: 从事生物农药的研究与开发及生产与推广应用的单位和个人等 |
| ISBN 7-5025-5804-7:CNY29.00 |
| 本书以生物农药的基本概念及基本特点为基础, 系统地介绍了植物源、微生物源天然产物农药, 活体微生物农药, 昆虫信息素、天敌昆虫以及抗病虫与耐除草剂的转基因作物的特点及重要品种等内容。 |
| ● |
| 相关链接 |
|
|
|
正题名:生物农药及其应用
索取号:S482.3/W880
 
预约/预借
| 序号 | 登录号 | 条形码 | 馆藏地/架位号 | 状态 | 备注 |
| 1 | 639149 | 206391493 | 自科库401/401自科库 67排4列5层/ [索取号:S482.3/W880] | 在馆 | |
| 2 | 639150 | 206391509 | 自科库401/401自科库 67排4列5层/ [索取号:S482.3/W880] | 在馆 | |
| 3 | 639151 | 206391518 | 自科库401/401自科库 67排4列5层/ [索取号:S482.3/W880] | 在馆 |